Stephen Schwartz Characters - Sudden Death - Statistics

General Stats
  • This quiz has been taken 12 times
  • The average score is 7 of 8
Answers on the Grid
Answers color-coded by a green-red scale on the quiz's grid according to % correct below.
Pippin
Lois
Barbara
Elphaba
Galinda
Doctor Delgado
Sofia
Claude
Teresa
Tanya
Miriam
Quasimodo
Esme
Laverne
Apollo
Fiona
 
Answer Stats
Answer % Correct
Claude
100%
Elphaba
100%
Galinda
100%
Pippin
100%
Quasimodo
100%
Laverne
67%
Miriam
67%
Sofia
33%
No matching quizzes found
Score Distribution
Percent of People with Each Score
Percentile by Number Answered
Your Score History
You have not taken this quiz